Milwaukee Metro - Statistics

General Stats
  • This quiz has been taken 23 times
  • The average score is 8 of 15
Answer Stats
Population City % Correct
594,548 Milwaukee
100%
72,412 Waukesha
76%
60,025 West Allis
65%
38,358 Brookfield
59%
37,160 Menomonee Falls
59%
47,971 Wauwatosa
59%
12,943 Glendale
47%
36,066 Oak Creek
47%
20,957 South Milwaukee
47%
36,064 Franklin
41%
37,099 Greenfield
41%
39,718 New Berlin
41%
13,290 Shorewood
41%
14,431 Pewaukee
35%
24,946 Muskego
24%
No matching quizzes found
Score Distribution
Percent of People with Each Score
Percentile by Number Answered
Your Score History
You have not taken this quiz